[Event "3rd Women Masters"]
[Site "Wuxi CHN"]
[Date "2013.06.02"]
[Round "3.3"]
[White "Javakhishvili,L"]
[Black "Wang Jue"]
[Result "1-0"]
[WhiteElo "2464"]
[BlackElo "2401"]

1.d4 Nf6 2.c4 g6 3.g3 Bg7 4.Bg2 O-O 5.Nf3 d6 6.O-O e5 7.h3 c6 8.e4 Qb6 9.Nc3 Nbd7
10.Rb1 Qb4 11.dxe5 Nxe5 12.Nxe5 dxe5 13.Qa4 Qxa4 14.Nxa4 Be6 15.b3 b6 16.f4 Nh5
17.f5 Bc8 18.Kh2 Rd8 19.Bf3 Nf6 20.g4 h6 21.Be3 Ba6 22.h4 Rd3 23.Rbe1 h5
24.g5 Ng4+ 25.Bxg4 hxg4 26.Nb2 Rc3 27.Nd1 Rc2+ 28.Rf2 Rxf2+ 29.Nxf2 Rd8 30.Kg3 b5
31.cxb5 cxb5 32.Bxa7 Bb7 33.Be3 gxf5 34.exf5 e4 35.Kxg4 Bc3 36.Rd1 Re8 37.h5 b4
38.h6 Ba6 39.Rd5 Be2+ 40.Kf4 Bf3 41.g6 Rf8 42.Nxe4 Bg2 43.Nxc3 bxc3 44.h7+ Kg7
45.Bd4+  1-0

[Event "Grand Europe Open Albena"]
[Site "Albena BUL"]
[Date "2013.06.07"]
[Round "7.39"]
[White "Gagarin,V"]
[Black "Kostov,G"]
[Result "1/2-1/2"]
[WhiteElo "2329"]
[BlackElo "2170"]

1.d4 Nf6 2.c4 g6 3.Nf3 Bg7 4.g3 O-O 5.Bg2 d6 6.O-O Nbd7 7.Nc3 e5 8.e4 exd4
9.Nxd4 Re8 10.h3 Nc5 11.Re1 a5 12.Ndb5 Be6 13.b3 a4 14.Rb1 axb3 15.axb3 Nfd7
16.Nd5 Bxd5 17.cxd5 Nf6 18.Nc3 Ng4 19.Bb2 Ne5 20.Bf1 g5 21.Nb5 Ra2 22.Nd4 Qf6
23.Nf5 Nxe4 24.g4 Nc5 25.Kh1 h5 26.b4 hxg4 27.hxg4 Ncd7 28.Bd4 Nf8 29.Rc1 Nfg6
30.Rxc7 Bf8 31.Bg2 Nf4 32.Rc3 Raa8 33.Rce3 Nfg6 34.b5 Rec8 35.Rc3 Rxc3 36.Bxc3 Re8
37.Re3 Rc8 38.Bd4 Qd8 39.Rc3 Rxc3 40.Bxc3 Qb6 41.Qd2 f6 42.Nd4 Qc7 43.f3 Nf4
44.Ne6 Qh7+ 45.Kg1 Qb1+ 46.Kh2 Qh7+ 47.Kg1  1/2-1/2

[Event "2nd Grand Europe Open 2013"]
[Site "Golden Sands BUL"]
[Date "2013.06.10"]
[Round "1.9"]
[White "Deac,Bogdan-Daniel"]
[Black "Nevednichy,V"]
[Result "0-1"]
[WhiteElo "2226"]
[BlackElo "2580"]

1.d4 g6 2.c4 Bg7 3.Nf3 d6 4.g3 Nf6 5.Bg2 O-O 6.Nc3 c6 7.O-O Bf5 8.Ne1 Be6
9.b3 d5 10.cxd5 Nxd5 11.Bb2 Nxc3 12.Bxc3 Qd7 13.e3 Bh3 14.Nd3 Bxg2 15.Kxg2 Na6
16.Rc1 Rfd8 17.Qf3 e6 18.Rfd1 Qe7 19.Qe2 h5 20.Bb2 Rd5 21.Rc2 Rad8 22.Rcd2 Qc7
23.b4 Qb6 24.a3 Qb5 25.Nf4 Qxe2 26.Rxe2 R5d7 27.Rc1 Bf8 28.Nd3 Bd6 29.h3 Nc7
30.f4 f5 31.Kf3 Nd5 32.Rh1 Nf6 33.Nf2 a5 34.bxa5 Ra8 35.e4 fxe4+ 36.Nxe4 Nxe4
37.Rxe4 Kf7 38.Bc3 Bc7 39.g4 Bxa5 40.Bb2 Rd5 41.Re5 Rad8 42.gxh5 gxh5 43.Rg1 Bc7
44.Rxd5 exd5 45.Bc3 Re8 46.Rg5 Rh8 47.a4 b6 48.Be1 Bd8 49.Rf5+ Ke6 50.Re5+ Kd7
51.Rf5 Be7 52.Bd2 h4 53.a5 b5 54.Rf7 Ke6 55.Rg7 Bf6 56.f5+ Kxf5 57.Rc7 Rg8
58.Be1 Rg1 59.Bf2 Ra1 60.Rxc6 Ra3+ 61.Kg2 Rxa5 62.Rd6 b4 63.Rb6 Ra4 64.Be1 Ra2+
65.Kf1 Rh2 66.Bxb4 Bxd4 67.Rh6 Rxh3 68.Kg2 Rg3+ 69.Kh2 Rb3 70.Be1 Be5+ 71.Kg2 Rb2+
72.Kf3 Rb3+ 73.Kg2 Bg3 74.Bxg3 Rxg3+ 75.Kf2 Rg4 76.Kf3 Rf4+ 77.Ke3 d4+ 78.Kd3 Kg4
79.Rh8 h3 80.Rg8+ Kf3 81.Rh8 Kg3 82.Ke2 h2 83.Rg8+ Rg4 84.Rh8 Rh4 85.Rg8+ Kh3  0-1

[Event "3rd Ortega Rating"]
[Site "Ortega COL"]
[Date "2013.06.10"]
[Round "7.3"]
[White "Martinez Romero,M"]
[Black "Hernandez,Ja"]
[Result "1/2-1/2"]
[WhiteElo "2405"]
[BlackElo "2311"]

1.d4 Nf6 2.c4 g6 3.Nf3 Bg7 4.g3 O-O 5.Bg2 d6 6.O-O Nbd7 7.Nc3 a6 8.h3 Rb8
9.a4 a5 10.e4 e5 11.dxe5 Nxe5 12.Nxe5 dxe5 13.Be3 Be6 14.Qe2 Qc8 15.Kh2 c6
16.Rac1 Nd7 17.Rfd1 b6 18.Nd5 Re8 19.f4 f6 20.fxe5 fxe5 21.Bg5 Kh8 22.Ne7 Qc7
23.Qd2 Nc5 24.Qd6 Qxd6 25.Rxd6 h6 26.Nxc6 hxg5 27.Nxb8 Rxb8 28.Rb1  1/2-1/2

[Event "2nd Grand Europe Open 2013"]
[Site "Golden Sands BUL"]
[Date "2013.06.15"]
[Round "6.44"]
[White "Deac,Bogdan-Daniel"]
[Black "Nakar,Ey"]
[Result "0-1"]
[WhiteElo "2226"]
[BlackElo "2390"]

1.d4 Nf6 2.c4 g6 3.Nf3 Bg7 4.g3 O-O 5.Bg2 d6 6.Nc3 Nc6 7.O-O a6 8.Qd3 Bd7
9.d5 Nb4 10.Qd2 a5 11.Nd4 Qc8 12.b3 e5 13.dxe6 fxe6 14.Bb2 Kh8 15.Nc2 Na6
16.Rad1 Bc6 17.Ne3 Nc5 18.Qc2 Qe8 19.Bxc6 bxc6 20.f4 Qb8 21.Na4 Nxa4 22.bxa4 Qa7
23.Bd4 Qa6 24.Rb1 Rae8 25.Qd3 Qa8 26.Rb3 Rd8 27.Qc2 Rde8 28.Qd3 Nd7 29.Bxg7+ Kxg7
30.Qd4+ e5 31.fxe5 Rxf1+ 32.Nxf1 Rxe5 33.Rf3 Nf6 34.Ne3 c5 35.Qf4 Qd8 36.Qh4 Qe7
37.Kf2 h6 38.Qf4 Re4 39.Nf5+ gxf5 40.Qxf5 Rxe2+ 41.Kf1 Re1+ 42.Kg2 Qe2+ 43.Kh3 Qe6
44.Qxe6 Rxe6 45.Rb3 Re4 46.Rb5 h5 47.Rxa5 Ng4 48.Kh4 Kg6 49.h3 Ne3+  0-1

[Event "17th Voronezh Master Open"]
[Site "Voronezh RUS"]
[Date "2013.06.15"]
[Round "4.5"]
[White "Maiorov,N1"]
[Black "Belyakov,B"]
[Result "1/2-1/2"]
[WhiteElo "2529"]
[BlackElo "2407"]

1.d4 Nf6 2.c4 g6 3.Nf3 Bg7 4.g3 O-O 5.Bg2 d6 6.O-O Nc6 7.Nc3 a6 8.b3 Rb8
9.d5 Na5 10.Bd2 c5 11.dxc6 Nxc6 12.Rc1 Bf5 13.h3 Ne4 14.Nxe4 Bxe4 15.Bc3 Bxc3
16.Rxc3 Qa5 17.Qd2 Rfd8 18.Rfc1 d5 19.cxd5 Bxd5 20.Qb2 Qb6 21.Rc5 Qb4 22.R5c2 Rd6
23.Qc3 Rbd8 24.Qe3 Bxf3 25.exf3 Re6 26.Qc3 Qxc3 27.Rxc3 Re2 28.R3c2 Rdd2
29.Rxd2 Rxd2 30.f4 Rxa2 31.Bxc6 bxc6 32.Rxc6 Ra3 33.Rb6 a5 34.Kg2 a4 35.bxa4 Rxa4
36.Kf3 Kg7 37.Rc6 h5 38.Rb6 e6 39.Rb3 Kf6 40.Rc3 Rb4 41.Ra3  1/2-1/2

[Event "2nd Grand Europe Open 2013"]
[Site "Golden Sands BUL"]
[Date "2013.06.17"]
[Round "8.50"]
[White "Deac,Bogdan-Daniel"]
[Black "Abramovic,B"]
[Result "0-1"]
[WhiteElo "2226"]
[BlackElo "2458"]

1.d4 Nf6 2.c4 d6 3.Nf3 g6 4.g3 Bg7 5.Bg2 O-O 6.Nc3 Bf5 7.Nh4 Bc8 8.O-O Nc6
9.Nf3 Bf5 10.d5 Na5 11.Nd2 c5 12.e4 Bd7 13.Qc2 a6 14.b3 b5 15.Bb2 Rb8 16.Rab1 h5
17.Ne2 h4 18.Nc1 e5 19.dxe6 Bxe6 20.cxb5 axb5 21.Nd3 Nc6 22.Rbd1 Bg4 23.Rde1 h3
24.Bf3 Nd4 25.Bxd4 cxd4 26.Bxg4 Nxg4 27.Nf4  0-1

[Event "72nd ch-GEO 2013"]
[Site "Tbilisi GEO"]
[Date "2013.06.17"]
[Round "6.5"]
[White "Pantsulaia,L"]
[Black "Lomsadze,D"]
[Result "1/2-1/2"]
[WhiteElo "2567"]
[BlackElo "2342"]

1.Nf3 g6 2.d4 Bg7 3.c4 Nf6 4.g3 O-O 5.Bg2 d6 6.Nc3 Nc6 7.O-O a6 8.d5 Na5
9.b3 c5 10.Bb2 Rb8 11.Nd2 b5 12.Qc2 e5 13.dxe6 Bxe6 14.cxb5 axb5 15.Rad1 b4
16.Nce4 Ne8 17.Bxg7 Kxg7 18.Qb2+ f6 19.Rfe1 Qe7 20.Nf1 c4 21.bxc4 Nxc4 22.Qd4 Nc7
23.Ra1 Nb5 24.Qd3 Ne5 25.Qe3 Nc4 26.Qd3 Ne5 27.Qe3  1/2-1/2

[Event "8th Teplice Open 2013"]
[Site "Teplice CZE"]
[Date "2013.06.17"]
[Round "3.19"]
[White "Luch,M"]
[Black "Janda,Z"]
[Result "1-0"]
[WhiteElo "2432"]
[BlackElo "2145"]

1.d4 Nf6 2.c4 d6 3.Nf3 g6 4.g3 Bg7 5.Bg2 O-O 6.O-O c6 7.Nc3 Qc7 8.e4 e5 9.h3 Be6
10.b3 h6 11.Be3 Na6 12.Qd2 Kh7 13.d5 cxd5 14.cxd5 Bd7 15.Rfc1 Qd8 16.Qe2 Ne8
17.Ne1 f5 18.Nd3 Nf6 19.exf5 gxf5 20.f4 e4 21.Nb2 Qe7 22.Rd1 Nh5 23.Qxh5 Bxc3
24.Rab1 Qg7 25.Na4 Bf6 26.g4 b5 27.g5 Rg8 28.Nb2 Nb4 29.Kh1 Nc2 30.Bf2 Na3
31.Rg1 Be8 32.Qh4 Bc3 33.Rbc1 h5 34.Nd1 Bd2 35.Rc6 Bxc6 36.Qxh5+  1-0

[Event "8th Teplice Open 2013"]
[Site "Teplice CZE"]
[Date "2013.06.18"]
[Round "4.10"]
[White "Stachowiak,K"]
[Black "Jacobsen,Bo"]
[Result "1-0"]
[WhiteElo "2474"]
[BlackElo "2312"]

1.d4 Nf6 2.c4 g6 3.Nf3 Bg7 4.g3 O-O 5.Bg2 d6 6.O-O c6 7.Nc3 Bf5 8.Ne1 Be6
9.d5 cxd5 10.cxd5 Bd7 11.h3 Na6 12.Nd3 Qa5 13.a3 Nc7 14.e4 Rfc8 15.Be3 Nb5
16.Ne2 Nc7 17.a4 Na6 18.b4 Qd8 19.b5 Nc7 20.Nd4 e6 21.Qb3 exd5 22.exd5 Qf8
23.Rfe1 Bh6 24.f4 Bg7 25.Nb2 Re8 26.Kh2 h5 27.Bf3 Kh7 28.a5 Qh8 29.Rad1 h4
30.g4 Ne4 31.Bg1 Nc5 32.Qb4 a6 33.Rxe8 Qxe8 34.Nc4 Qe7 35.b6 Ne8 36.Re1 Qf6
37.Qd2 Rc8 38.g5 Qd8 39.Ne3 Bxd4 40.Qxd4 Ng7 41.Ng4 Bxg4 42.hxg4 Qd7 43.Qf6 Re8
44.Bd4 Rg8 45.Re7  1-0

[Event "17th Petr Izmailov"]
[Site "Tomsk RUS"]
[Date "2013.06.19"]
[Round "9.15"]
[White "Permyakov,Evgeniy"]
[Black "Aitbayev,A"]
[Result "0-1"]
[WhiteElo "2103"]
[BlackElo "2418"]

1.d4 d6 2.Nf3 g6 3.g3 Bg7 4.Bg2 Nf6 5.c4 O-O 6.Nc3 c5 7.O-O Nc6 8.h3 cxd4
9.Nxd4 Bd7 10.Nb3 a5 11.a4 Qc8 12.Kh2 Ne5 13.Nd5 Nxd5 14.cxd5 Nc4 15.Ra2 Nb6
16.Nd2 Qc7 17.b3 Rfc8 18.Ne4 h6 19.Be3 Be8 20.Bd4 f5 21.Bxg7 Kxg7 22.Nd2 Bf7
23.e4 fxe4 24.Nxe4 Nxd5 25.Qa1+ Kh7 26.Rd2 Nb4 27.Rxd6 Bd5 28.Nf6+ exf6 29.Qxf6 Qf7
30.Bxd5 Qxf6 31.Rxf6 Nxd5 32.Rf7+ Kg8 33.Rxb7 Rcb8 34.Rd7 Nf6 35.Rd6 Kf7
36.Rc1 Rc8 37.Rcc6 Rxc6 38.Rxc6 Rd8 39.Kg2 Rd2 40.Ra6 Rd5 41.Ra7+ Ke6 42.Ra6+ Ke7
43.Kf3 g5 44.Ke3 Rc5 45.Kd4 Rf5 46.Ke3 h5 47.f4 g4 48.hxg4 hxg4 49.Ra7+ Ke6
50.Ra6+ Kf7 51.Ra7+ Kg6 52.Ra6 Rd5 53.Rb6 Rh5 54.Kd4 Rh2 55.Ra6 Rg2 56.Ke5 Re2+
57.Kd4 Rd2+ 58.Kc4 Rc2+ 59.Kd4 Rd2+ 60.Kc4 Kf5 61.Rxa5+ Ke4 62.Re5+ Kf3 63.a5 Kxg3
64.b4 Kxf4 65.Re6 Ne4 66.a6 g3 67.Rg6 Ra2 68.Kb3 Ra1 69.Kb2 Ra4 70.Kb3 Ng5
71.Rf6+ Ke4 72.Kxa4 g2 73.a7 g1=Q 74.Ra6 Qd1+ 75.Ka5 Qd8+  0-1

[Event "13th IPCA World Championship"]
[Site "Velke Losiny CZE"]
[Date "2013.06.19"]
[Round "2.4"]
[White "Jaworski,Mi"]
[Black "Zavarsky,J"]
[Result "0-1"]
[WhiteElo "2293"]
[BlackElo "1991"]

1.d4 Nf6 2.c4 g6 3.Nf3 Bg7 4.g3 d6 5.Bg2 O-O 6.O-O Nbd7 7.Nc3 e5 8.e4 exd4
9.Nxd4 Ng4 10.Qxg4 Bxd4 11.Qd1 Bg7 12.Bd2 Re8 13.Qc2 c6 14.h3 Ne5 15.b3 f5
16.f4 Nf7 17.Rae1 Bd7 18.Kh2 Qc7 19.Nd1 fxe4 20.Bxe4 Nh6 21.Bc3 Bf5 22.Nf2 Rxe4
23.Nxe4 d5 24.Bxg7 Qxg7 25.Qc3 Bxe4 26.Qxg7+ Kxg7 27.g4 Kf8 28.Rf2 Rc8 29.Rd2 Nf7
30.Kg3 b5 31.Rc1 bxc4 32.bxc4 Rb8 33.cxd5 Bxd5 34.Kh4 Rb4 35.Rf1 Nd6 36.Rff2 Ne4
37.Rb2 a5 38.Rfc2 Ke7 39.a3 Rxb2 40.Rxb2 h6 41.Rb7+ Kf6 42.g5+ hxg5+ 43.fxg5+ Nxg5
44.Ra7 Ne4 45.Kg4 g5 46.Rxa5 Ke5 47.a4 c5 48.Ra7 c4 49.a5 c3 50.Rc7 Kd4 51.Kf3 Kd3
52.Kg4 c2 53.Rxc2 Kxc2 54.a6 Kc3 55.a7 Kd4 56.h4 gxh4 57.Kxh4 Nd6 58.Kg5 Nb5
59.Kf4 Nxa7 60.Kf5 Nb5 61.Kf4 Nd6 62.Kg5 Ke5 63.Kg6 Ne4 64.Kg7 Kf5 65.Kh6 Kf6
66.Kh7 Nd6 67.Kh8 Nf7+ 68.Kh7 Be4+ 69.Kg8 Kg6 70.Kf8 Kf6 71.Kg8 Bf5 72.Kf8 Bh7
73.Ke8 Ne5 74.Kd8 Ke6 75.Kc7 Nd7 76.Kd8 Kd6 77.Ke8 Bg6+ 78.Kd8 Nc5 79.Kc8 Bf7
80.Kd8 Nb7+ 81.Kc8 Kc6 82.Kb8 Kb6 83.Kc8 Be6+ 84.Kb8 Nc5 85.Ka8 Bc8 86.Kb8 Ba6
87.Ka8 Bb7+ 88.Kb8 Nd7+  0-1

[Event "III Marcel Duchamp Boca Jun Op"]
[Site "Buenos Aires ARG"]
[Date "2013.06.20"]
[Round "1.41"]
[White "Arguinariz,E"]
[Black "Altamiranda,Maria Elisa"]
[Result "1-0"]
[WhiteElo "2085"]
[BlackElo "1473"]

1.d4 Nf6 2.c4 g6 3.Nf3 Bg7 4.g3 O-O 5.Bg2 d6 6.O-O c5 7.Nc3 Nc6 8.d5 Na5
9.Nd2 a6 10.a3 Qc7 11.Qc2 Rb8 12.Rb1 b5 13.cxb5 axb5 14.b4 cxb4 15.axb4 Nc4
16.Nxb5 Rxb5 17.Qxc4 Qxc4 18.Nxc4 Nxd5 19.Na3 Nc3 20.Nxb5 Nxb1 21.Bg5 f6
22.Bf4 Bd7 23.Bd5+ e6 24.Bxe6+ Bxe6 25.Rxb1 Bc4 26.Nxd6 Bxe2 27.b5 Bf3 28.b6 g5
29.Be3 Rb8 30.b7 Bf8 31.Ba7 Bxd6 32.Bxb8 Bxb8 33.Rc1 Bxb7 34.Rb1 Bxg3 35.Rxb7 Be5
36.h3 h5 37.Kg2 h4 38.Kf3 Kf8 39.Kg4 Kg8 40.Kf5 Kf8 41.f3 Kg8 42.Kg6 Kf8
43.Rf7+ Ke8 44.Rxf6 Bf4 45.Rf5 Ke7 46.Rxg5 Bxg5 47.Kxg5 Ke6 48.Kxh4 Kf5 49.Kg3 Kg5
50.h4+ Kf5 51.f4 Kf6 52.Kg4 Kg6 53.f5+ Kf6 54.Kf4 Kf7 55.Kg5 Kg7 56.f6+ Kh7
57.Kf5 Kh6 58.f7  1-0

[Event "5th Lublin Union Mem GM"]
[Site "Lublin POL"]
[Date "2013.06.20"]
[Round "6.4"]
[White "Stupak,K"]
[Black "Socko,M"]
[Result "1-0"]
[WhiteElo "2510"]
[BlackElo "2458"]

1.d4 Nf6 2.c4 g6 3.g3 Bg7 4.Bg2 O-O 5.Nf3 d6 6.O-O Nc6 7.Nc3 Bg4 8.d5 Bxf3
9.exf3 Na5 10.Qd3 c5 11.Rb1 a6 12.b3 Rb8 13.a4 Ne8 14.Be3 b6 15.f4 Qc8 16.Rfe1 Nf6
17.Bd2 Re8 18.Qf1 Qf5 19.Bh3 Qc2 20.Re2 Qd3 21.Qd1 Qf3 22.Qe1 Kf8 23.Re3 Qh5
24.Kg2 Ng4 25.Re2 f5 26.f3 e5 27.dxe6 Nc6 28.fxg4 fxg4 29.Bxg4 Qxg4 30.h3 Qf5
31.Re4 h5 32.Nd5 Rb7 33.Qe3 Bd4 34.Qe2 Rxe6 35.Rxe6 Qxb1 36.Be3 Qxb3 37.Rxd6 Ne7
38.Bxd4 cxd4 39.h4 Nxd5 40.Rd8+ Kg7 41.cxd5 Qe3 42.Qxe3 dxe3 43.Rd6 b5 44.a5 b4
45.Rb6 Rd7 46.d6 b3 47.Kf3 b2 48.Rxb2 Rxd6 49.Rb7+ Kh6 50.Rb6 Rd5 51.Rxa6 Rb5
52.Kxe3 Kg7 53.Ke4 Rb3 54.Rd6 Ra3 55.Rd5 Kf6 56.Rg5 Rc3 57.Kd4 Rc1 58.Rc5 Rg1
59.a6 Ra1 60.Rc6+ Kf5 61.Kc5 Ra3 62.Kb6 Rb3+ 63.Kc7 Rxg3 64.a7  1-0

[Event "8th Teplice Open 2013"]
[Site "Teplice CZE"]
[Date "2013.06.20"]
[Round "6.4"]
[White "Stachowiak,K"]
[Black "Kempinski,R"]
[Result "1/2-1/2"]
[WhiteElo "2474"]
[BlackElo "2587"]

1.d4 Nf6 2.Nf3 g6 3.g3 Bg7 4.Bg2 O-O 5.c4 d6 6.O-O Nbd7 7.Nc3 e5 8.e4 exd4
9.Nxd4 Nc5 10.h3 Re8 11.Re1 h6 12.Rb1 Ne6 13.Nde2 a5 14.Kh2 Nc5 15.Nd4 Nfd7
16.Be3 Ne5 17.Bf1 c6 18.f4 Ned7 19.Bg2 a4 20.b4 axb3 21.axb3 Nf6 22.Qc2 Na6
23.b4 Nxb4 24.Rxb4 c5 25.Rbb1 cxd4 26.Bxd4 Ng4+ 27.hxg4 Bxd4 28.Nd5 Ra3 29.Red1 Bg7
30.c5 Bxg4  1/2-1/2

[Event "7th Varna Open 2013"]
[Site "Varna BUL"]
[Date "2013.06.20"]
[Round "2.2"]
[White "Sagar,S"]
[Black "Spasov,V"]
[Result "0-1"]
[WhiteElo "2359"]
[BlackElo "2565"]

1.d4 g6 2.c4 Bg7 3.Nf3 d6 4.g3 Nf6 5.Bg2 O-O 6.O-O Nbd7 7.Nc3 e5 8.e4 exd4
9.Nxd4 Nc5 10.h3 Re8 11.Re1 Bd7 12.Kh2 h6 13.f4 a5 14.Rb1 h5 15.b3 c6 16.Ba3 Qc7
17.Qd2 Rad8 18.Rbd1 Bc8 19.Qc2 Qb6 20.e5 dxe5 21.fxe5 Nh7 22.Nf3 Rxd1 23.Rxd1 Nd7
24.Bd6 Nxe5 25.Nxe5 Bxe5 26.c5 Qb4 27.Bxe5 Rxe5 28.Rd8+ Kg7 29.Qb2 Bf5 30.Na4 Qe1
31.Qd2 Nf6 32.Qd6 Re8 33.Rxe8 Qxe8 34.Nc3 Qe3 35.Nd1 Qe2 36.Nc3 Qf2 37.Qe5 Bd3
38.Nd1 Qxa2 39.g4 Be4 40.Ne3 Bxg2 41.Nxg2 hxg4 42.hxg4 Qxb3 43.g5 Qe6 44.gxf6+ Qxf6
45.Qc7 a4 46.Qa5 Qa1 47.Kg3 a3 48.Ne3 a2 49.Nc2 Qb2 50.Qa4 Qc3+ 51.Kf4 Qxc2
52.Qd4+ Kh7  0-1

[Event "72nd ch-GEO 2013"]
[Site "Tbilisi GEO"]
[Date "2013.06.22"]
[Round "10.4"]
[White "Zarkua,D"]
[Black "Jojua,D"]
[Result "0-1"]
[WhiteElo "2441"]
[BlackElo "2548"]

1.Nf3 g6 2.d4 Bg7 3.c4 Nf6 4.g3 O-O 5.Bg2 d6 6.O-O Nc6 7.Nc3 a6 8.h3 Bd7
9.Be3 e5 10.dxe5 dxe5 11.Qc1 Re8 12.Rd1 Qc8 13.Kh2 Bf5 14.Nd5 Be4 15.Nc3 Bf5
16.Bh6 Bh8 17.Qg5 Ne4 18.Nxe4 Bxe4 19.Qh4 Bxf3 20.exf3 Nd4 21.Qe4 c6 22.Be3 Qe6
23.Rac1 Rad8 24.Qb1 Nf5 25.Bb6 Rxd1 26.Rxd1 Qxc4 27.Rd7 Bf6 28.Rxb7 Nd6 29.Rd7 Qe6
30.Ra7 Nc8 31.Rb7 c5 32.Bc7 Bd8 33.Bxd8 Rxd8 34.Rb8 Qd6 35.Ra8 Ne7 36.Ra7 Nd5
37.Qc2 Qb6  0-1

[Event "13th IPCA World Championship"]
[Site "Velke Losiny CZE"]
[Date "2013.06.23"]
[Round "7.16"]
[White "Melnik,G"]
[Black "Shchukina,Ekaterina"]
[Result "1-0"]
[WhiteElo "2004"]
[BlackElo "1512"]

1.d4 Nf6 2.Nf3 g6 3.g3 Bg7 4.Bg2 O-O 5.c4 d6 6.O-O Nbd7 7.Qc2 e5 8.Rd1 Qe7
9.Nc3 c6 10.e4 Nh5 11.Bg5 f6 12.Be3 Bh8 13.b4 Nb8 14.dxe5 dxe5 15.Bc5  1-0

[Event "13th IPCA World Championship"]
[Site "Velke Losiny CZE"]
[Date "2013.06.25"]
[Round "9.20"]
[White "Konkolova,Nikola"]
[Black "Shchukina,Ekaterina"]
[Result "1-0"]
[WhiteElo "1463"]
[BlackElo "1512"]

1.d4 Nf6 2.Nf3 g6 3.g3 Bg7 4.Bg2 O-O 5.c4 d6 6.O-O a5 7.Nc3 Nh5 8.e4 e5 9.Bg5 f6
10.Be3 f5 11.exf5 Bxf5 12.dxe5 dxe5 13.Qxd8 Rxd8 14.Rad1 Na6 15.a3 c6 16.Rxd8+ Rxd8
17.Bb6 Rd3 18.Bxa5 Be6 19.Re1 Bxc4 20.Nxe5 Bxe5 21.Rxe5 Rd2 22.Bf3 Nf6 23.Be2 Bb3
24.Bxa6 bxa6 25.Re2 Rd6 26.Bb4 Rd4 27.Bc5 Rd7 28.Re7 Rd2 29.Re2 Rd7 30.Re7 Rd3
31.Re3 Rd8 32.Bb4 Ng4 33.Re2 Bc4 34.Re4 Nxf2 35.Rxc4 Nd3 36.Rxc6 Nxb4 37.axb4 Rb8
38.Nd5 Rb5 39.Rc5 Rb8 40.Ra5 Rd8 41.Nc3 Rd4 42.Ra4 Rd2 43.Rxa6 Rxb2 44.b5 Rb3
45.Rc6 Kf7 46.b6 Ke7 47.Nd5+ Kd7 48.Rf6 Kc8 49.Rf7  1-0

[Event "III Marcel Duchamp Boca Jun Op"]
[Site "Buenos Aires ARG"]
[Date "2013.06.29"]
[Round "9.14"]
[White "Arguinariz,E"]
[Black "Sosa,T ARG"]
[Result "0-1"]
[WhiteElo "2085"]
[BlackElo "2234"]

1.d4 Nf6 2.c4 g6 3.Nf3 Bg7 4.g3 O-O 5.Bg2 d6 6.O-O Nc6 7.Nc3 Bg4 8.h3 Bxf3
9.Bxf3 Nd7 10.e3 e5 11.d5 Ne7 12.Rb1 f5 13.e4 Nf6 14.Be3 Qd7 15.Kg2 Rf7 16.g4 Kh8
17.b4 Raf8 18.Qe2 a6 19.Rfd1 fxe4 20.Bxe4 Nfg8 21.c5 Qd8 22.b5 Nf5 23.gxf5 gxf5
24.Bxf5 Rxf5 25.bxa6 bxa6 26.cxd6 cxd6 27.Ne4 Bh6 28.Rb7 Bxe3 29.fxe3 Nf6
30.Ng3 Rg5 31.Kh2 Rxg3 32.Kxg3 Ne4+ 33.Kg2 Qh4  0-1

[Event "22nd Anderssen Mem Eliminacje"]
[Site "Wroclaw POL"]
[Date "2013.06.29"]
[Round "9"]
[White "Czachor,G"]
[Black "Szyler,Bartosz"]
[Result "0-1"]
[WhiteElo "2004"]
[BlackElo "1755"]

1.Nf3 Nf6 2.d4 g6 3.c4 Bg7 4.g3 d6 5.Bg2 O-O 6.O-O Nc6 7.Nc3 Bf5 8.Qa4 Ne4
9.Be3 a6 10.Rfd1 Rb8 11.Nh4 Nxc3 12.bxc3 Bd7 13.Qa3 b5 14.Rab1 bxc4 15.Qxa6 Ra8
16.Qxc4 Na5 17.Qd3 Rb8 18.Qa6 Rxb1 19.Rxb1 c6 20.Qd3 d5 21.Bf4 Nc4 22.e4 e6
23.Nf3 Qa5 24.Nd2 Qxa2 25.Ra1 Qxa1+ 26.Bf1 Nxd2 27.Bxd2 e5 28.Kg2 exd4 29.c4 dxe4
30.Qxe4 Bh3+ 31.Kxh3 Qxf1+ 32.Kh4 Bf6+  0-1

[Event "TCh-MNE Prem 2013"]
[Site "Cetinje MNE"]
[Date "2013.06.30"]
[Round "7.1"]
[White "Arsovic,G"]
[Black "Damljanovic,B"]
[Result "0-1"]
[WhiteElo "2438"]
[BlackElo "2544"]

1.d4 Nf6 2.Nf3 g6 3.c4 Bg7 4.g3 d6 5.Bg2 O-O 6.Nc3 Nc6 7.O-O Bf5 8.h3 Ne4
9.Nd5 Bd7 10.Nf4 a5 11.d5 Nb4 12.Nd4 Nc5 13.Be3 Qe8 14.Nd3 Ncxd3 15.exd3 c5
16.dxc6 Nxc6 17.Nxc6 Bxc6 18.Rb1 e5 19.Re1 f5 20.f4 Qd7 21.Qd2 Rfe8 22.b3 a4
23.b4 b5 24.a3 Rac8 25.Rbc1 h5 26.h4 Kh7 27.Kh2 Bxg2 28.Qxg2 e4 29.Qd2 exd3
30.Qxd3 bxc4 31.Rxc4 Rxc4 32.Qxc4 Re4 33.Qc1 Qe6 34.Bf2 Qa2 35.Kg1 Rxe1+
36.Bxe1 Bd4+ 37.Kf1 Qd5 38.Qc7+ Kh6 39.Qe7 Qf3+  0-1

[Event "4th AIMAG Women"]
[Site "Incheon KOR"]
[Date "2013.06.30"]
[Round "1.13"]
[White "Meenakshi,Sub"]
[Black "Atthaworadej,Worasuda"]
[Result "1-0"]
[WhiteElo "2237"]
[BlackElo "1727"]

1.d4 Nf6 2.c4 g6 3.Nf3 Bg7 4.g3 O-O 5.Bg2 d6 6.Nc3 Nc6 7.O-O Bf5 8.Nh4 Bd7
9.e4 e5 10.d5 Ne7 11.f4 exf4 12.gxf4 Ne8 13.Qe1 c6 14.Kh1 a6 15.e5 cxd5 16.cxd5 Nf5
17.e6 Qxh4 18.Qxh4 Nxh4 19.e7 Nxg2 20.Kxg2 Nc7 21.exf8=Q+ Kxf8 22.Bd2 Nxd5
23.Nxd5 Bc6 24.Bc3 Bxd5+ 25.Kf2 Bxc3 26.bxc3 Ke7 27.Rfd1 Be6 28.Rdb1 Bd5
29.c4 Be4 30.Re1 f5 31.Ke3 Rc8 32.Kd4 Ke6 33.Rab1 Kf6 34.Rb6 Rd8 35.Re3 Kg7
36.Rh3 Rd7 37.Rg3 Rd8 38.h3 Rd7 39.Re3 Kf7 40.a3 Kg7 41.Rb2 Kf6 42.h4 Rc7
43.Rh2 h5 44.Rb2 Kf7 45.Re1 Kg7 46.Rb3 Kf7 47.Rb6 Rd7 48.Rb3 Kf6 49.Rg1 Rc7
50.Rb6 Rd7 51.Kc3 Kf7 52.Rd1 Ke7 53.c5 dxc5 54.Rxd7+ Kxd7 55.Rxg6 Kc7 56.Rg5 Bf3
57.Rxf5 Kd6 58.Rg5 Bg4 59.Kd3 b6 60.Rg6+ Kc7 61.Ke4 Bd1 62.Rh6 c4 63.Kd4 Be2
64.f5 Kd7 65.Rxb6  1-0

[Event "4th AIMAG Women"]
[Site "Incheon KOR"]
[Date "2013.07.01"]
[Round "3.11"]
[White "Taweesupmun,C"]
[Black "Nguyen Thi Thanh An"]
[Result "0-1"]
[WhiteElo "1837"]
[BlackElo "2234"]

1.d4 Nf6 2.Nf3 g6 3.c4 Bg7 4.g3 O-O 5.Bg2 d6 6.O-O Nc6 7.Nc3 a6 8.Re1 Rb8
9.a4 Bf5 10.e4 Bg4 11.h3 Bxf3 12.Bxf3 e5 13.Be3 Nd7 14.d5 Nd4 15.Bg2 c5 16.dxc6 bxc6
17.Bxd4 exd4 18.Ne2 Rxb2 19.Nxd4 Qb6 20.Ne2 Qc5 21.Rc1 Rfb8 22.Rf1 R8b3 23.Rc2 Rxc2
24.Qxc2 Rb2 25.Qd1 Rb4 26.Nf4 Ne5 27.Nd3 Nxd3 28.Qxd3 Rxc4 29.Rb1 Bd4 30.Rb8+ Kg7
31.Qf3 Rc1+ 32.Kh2 Bxf2 33.Rb7 Bg1+ 34.Kh1 Bh2+  0-1

[Event "2nd Arberopen 2013"]
[Site "Bayerisch Eisenstein GER"]
[Date "2013.07.02"]
[Round "4.4"]
[White "Rausis,I"]
[Black "Blechzin,I"]
[Result "1-0"]
[WhiteElo "2532"]
[BlackElo "2438"]

1.c4 Nf6 2.g3 g6 3.Bg2 Bg7 4.d4 O-O 5.Nf3 d6 6.O-O Nbd7 7.Nc3 e5 8.Qc2 c6
9.Rd1 Qe7 10.b3 e4 11.Ng5 d5 12.a4 h6 13.Ba3 Qd8 14.Nh3 Re8 15.cxd5 Nb6 16.dxc6 bxc6
17.Nf4 g5 18.a5 Nbd7 19.d5 c5 20.Ne6 fxe6 21.dxe6 Rxe6 22.Nxe4 Rb8 23.Nxc5 Re8
24.Qc4+ Kh8 25.Ne6 Rxe6 26.Qxe6 Qg8 27.Qxg8+ Kxg8 28.e4 Ba6 29.f4 gxf4 30.gxf4 Bb5
31.Bf3 Bc6 32.Rac1 Rxb3 33.Rxc6 Rxf3 34.Bc1 Nf8 35.e5 Nh5 36.Kg2 Rb3 37.Re1 Rb5
38.a6 Kh7 39.Kf3 Ng6 40.Kg4 Nhxf4 41.Bxf4 Rb4 42.Rxg6 Kxg6 43.e6 h5+ 44.Kf3  1-0

[Event "TCh-MNE Prem 2013"]
[Site "Cetinje MNE"]
[Date "2013.07.02"]
[Round "9.2"]
[White "Jakovljevic,Vlado"]
[Black "Djukic,Ni"]
[Result "1/2-1/2"]
[WhiteElo "2440"]
[BlackElo "2539"]

1.d4 Nf6 2.c4 g6 3.Nf3 Bg7 4.g3 O-O 5.Bg2 d6 6.O-O Nc6 7.Nc3 a6 8.d5 Na5
9.Nd2 c5 10.Qc2 Rb8 11.Rb1 b5  1/2-1/2

[Event "4th AIMAG Men"]
[Site "Incheon KOR"]
[Date "2013.07.03"]
[Round "7.2"]
[White "Salem,AR"]
[Black "Ding Liren"]
[Result "1-0"]
[WhiteElo "2531"]
[BlackElo "2702"]

1.d4 Nf6 2.c4 g6 3.Nf3 Bg7 4.g3 O-O 5.Bg2 d6 6.O-O Nc6 7.Nc3 a6 8.Re1 Rb8
9.Rb1 Na5 10.Qa4 b6 11.e4 Bd7 12.Qd1 Nxc4 13.b3 Na5 14.e5 Ne8 15.Bf4 d5 16.b4 Nc4
17.Nxd5 Bf5 18.Rc1 Nb2 19.Qd2 Nd3 20.Nh4 Nxe1 21.Nxf5 gxf5 22.Rxe1 c6 23.Ne3 e6
24.Bxc6 Rc8 25.Bb7 Rb8 26.Bf3 Rc8 27.a4 Qc7 28.Rd1 Rd8 29.b5 axb5 30.axb5 Kh8
31.Bc6 Rg8 32.Qb2 Qe7 33.d5 Qf8 34.Qd4 Bh6 35.Bxh6 Qxh6 36.d6 Ng7 37.Ng2 Rb8
38.d7 Qg5 39.f4 Qd8 40.Ne3 Nh5 41.Kf2 Qf8 42.Bf3 Qh6 43.Nxf5 exf5 44.Bxh5 Ra8
45.e6+ f6 46.e7 Ra2+ 47.Kg1 Rxh2 48.e8=Q  1-0

[Event "4th AIMAG Men"]
[Site "Incheon KOR"]
[Date "2013.07.03"]
[Round "7.15"]
[White "Kojima,S"]
[Black "Weerawardane,R"]
[Result "1/2-1/2"]
[WhiteElo "2385"]
[BlackElo "2131"]

1.Nf3 g6 2.d4 Bg7 3.c4 d6 4.g3 Nf6 5.Bg2 O-O 6.O-O Nbd7 7.Nc3 e5 8.e4 Re8
9.h3 a5 10.Re1 exd4 11.Nxd4 Nc5 12.Ndb5 Bd7 13.Qc2 Qb8 14.Bf4 Ne6 15.Be3 c6
16.Nd4 Ng4 17.hxg4 Nxd4 18.Qd3 c5 19.g5 b5 20.cxb5 Nxb5 21.Nd5 Nd4 22.Qd2 Qd8
23.Rad1 Rb8 24.b3 Bg4 25.Bxd4 Bxd4 26.Rb1 Kg7 27.Qf4 Be6 28.Nf6 Rh8 29.Rbd1 h6
30.gxh6+ Rxh6 31.Ng4 Bxg4  1/2-1/2

[Event "Opatija Open A 2013"]
[Site "Opatija CRO"]
[Date "2013.07.03"]
[Round "5.6"]
[White "Franciskovic,B"]
[Black "Bonoo,Iwan"]
[Result "1-0"]
[WhiteElo "2277"]
[BlackElo "1955"]

1.c4 Nf6 2.Nf3 g6 3.g3 Bg7 4.Bg2 d6 5.d4 O-O 6.O-O c6 7.Nc3 Nbd7 8.e4 e5
9.h3 Re8 10.Be3 a5 11.Qc2 exd4 12.Nxd4 Ne5 13.b3 Rb8 14.Rad1 Nh5 15.c5 Bf8
16.Nde2 f5 17.cxd6 fxe4 18.Nxe4 Bf5 19.N2c3 Nf7 20.g4 Bxe4 21.Nxe4 Nf6 22.Bb6 Qxb6
23.Nxf6+ Kh8 24.Nxe8 Rxe8 25.d7 Rd8 26.Rfe1  1-0